000 00623nam a2200241Ia 4500
003 OSt
005 20221007072228.0
006 a|||||r|||| 00| 0
007 ta
008 221006b |||||||| |||| 00| 0 eng d
024 _a7,910
037 _cTextual
040 _aFLL
_cFLL
_beng
041 _2eng
_aeng
082 _aY1:45:6, K55
100 _aPlayfair Gilles
_9690312
245 0 _aCrime, punishment and cure
250 _a1st
260 _aLondon
_bSecker & Warburg London
_c1965
300 _a348p
_ccm.
942 _hY1:45:6, K55
_cTEXL
_2CC
999 _c1145485
_d1145485